000 00962nam a2200241 a 4500
001 83645
003 BD-RjUL
005 20240505102144.0
008 240505s1996 bg a|||| m||| 00| 0 eng d
035 _a(BD-RjUL)83645
040 _aBD-RjUL
_beng
_cBD-RjUL
_dBD-RjUL
041 _aeng
082 _223
_a582.13
_bSHV 1996
100 _aG. M. Shahiquzzaman,
_912835
245 1 0 _aVariability and Association of Quantitative Characters, Chromosome Identification, and Inheritance of Flower Colour in Lathyrus Sativus L. /
_cBy Shahiquzzaman G. M. ;
_6Supervisor : G. Kabir
260 _aRajshahi :
_bInstitute of Bioligical Sciences, University of Rajshahi,
_c1996
300 _a[8]-233 Leaves :
_bill, ;
_c29 cm.
502 _aThesis (Ph. D.) -- Institute of Bioligical Sciences, University of Rajshahi, 1996
504 _aReferences : Leaves [217]-233
650 _aFlower
_vVariability
_912836
700 _aKabir, G., Supervisor
_912830
942 _2ddc
_cTHE
999 _c83645
_d83645